All 25k+ cities in Alabama with a map - Statistics

General Stats
  • This quiz has been taken 38 times
  • The average score is 16 of 24
Answers on the Map
Answers color-coded by a green-red scale on the quiz's map according to % correct below.
 
Answer Stats
City Population % Correct
Mobile 206,932
100%
Birmingham 200,542
96%
Huntsville 215,079
96%
Montgomery 200,588
96%
Tuscaloosa 100,987
85%
Dothan 71,068
81%
Hoover 92,571
81%
Auburn 76,585
77%
Decatur 57,321
73%
Phenix City 38,817
69%
Florence 40,178
65%
Madison 56,976
65%
Gadsden 33,911
58%
Alabaster 33,342
54%
Daphne 27,472
54%
Enterprise 28,700
54%
Opelika 31,005
54%
Vestavia Hills 39,160
54%
Northport 31,198
50%
Athens 25,434
42%
Bessemer 26,070
42%
Homewood 26,419
42%
Prattville 37,731
42%
Trussville 26,127
38%
No matching quizzes found
Score Distribution
Percent of People with Each Score
Percentile by Number Answered
Your Score History
You have not taken this quiz